<?xml version="1.0" encoding="UTF-8"?>
<record
    xmlns:xsi="http://www.w3.org/2001/XMLSchema-instance"
    xsi:schemaLocation="http://www.loc.gov/MARC21/slim http://www.loc.gov/standards/marcxml/schema/MARC21slim.xsd"
    xmlns="http://www.loc.gov/MARC21/slim">

  <leader>00436nam a22001577a 4500</leader>
  <controlfield tag="005">20250721093946.0</controlfield>
  <controlfield tag="008">250721b        |||||||| |||| 00| 0 eng d</controlfield>
  <datafield tag="020" ind1=" " ind2=" ">
    <subfield code="a">81-318-0015-6</subfield>
  </datafield>
  <datafield tag="100" ind1=" " ind2=" ">
    <subfield code="a">BROWN CHRISTOPHER L.T.</subfield>
  </datafield>
  <datafield tag="245" ind1=" " ind2=" ">
    <subfield code="a">COMPUTER EVIDENCE:COLLECTION &amp; PRESERVATION</subfield>
  </datafield>
  <datafield tag="260" ind1=" " ind2=" ">
    <subfield code="a">NEW DELHI</subfield>
    <subfield code="b">FIREWALL MEDIA</subfield>
    <subfield code="c">2012</subfield>
  </datafield>
  <datafield tag="300" ind1=" " ind2=" ">
    <subfield code="a">XXII,394P.</subfield>
  </datafield>
  <datafield tag="500" ind1=" " ind2=" ">
    <subfield code="a">INCLUDES AN INDEX</subfield>
  </datafield>
  <datafield tag="650" ind1=" " ind2=" ">
    <subfield code="a">COMPUTER FORENSICS</subfield>
  </datafield>
  <datafield tag="942" ind1=" " ind2=" ">
    <subfield code="2">lcc</subfield>
    <subfield code="c">BK</subfield>
  </datafield>
  <datafield tag="999" ind1=" " ind2=" ">
    <subfield code="c">215942</subfield>
    <subfield code="d">215942</subfield>
  </datafield>
  <datafield tag="952" ind1=" " ind2=" ">
    <subfield code="0">0</subfield>
    <subfield code="1">0</subfield>
    <subfield code="2">lcc</subfield>
    <subfield code="4">0</subfield>
    <subfield code="6">QA00769 A25 B76  02012</subfield>
    <subfield code="7">0</subfield>
    <subfield code="8">SCT</subfield>
    <subfield code="9">372617</subfield>
    <subfield code="a">KSUL</subfield>
    <subfield code="b">KSUL</subfield>
    <subfield code="c">DISPLAY</subfield>
    <subfield code="d">2025-07-21</subfield>
    <subfield code="i">109135</subfield>
    <subfield code="l">0</subfield>
    <subfield code="o">QA 76.9 .A25B76 2012</subfield>
    <subfield code="p">000000024348</subfield>
    <subfield code="r">2025-07-21 09:46:04</subfield>
    <subfield code="t">1</subfield>
    <subfield code="w">2025-07-21</subfield>
    <subfield code="y">BK</subfield>
  </datafield>
  <datafield tag="952" ind1=" " ind2=" ">
    <subfield code="0">0</subfield>
    <subfield code="1">0</subfield>
    <subfield code="2">lcc</subfield>
    <subfield code="4">0</subfield>
    <subfield code="6">QA00769 A25 B76  02012</subfield>
    <subfield code="7">0</subfield>
    <subfield code="8">SCT</subfield>
    <subfield code="9">372618</subfield>
    <subfield code="a">KSUL</subfield>
    <subfield code="b">KSUL</subfield>
    <subfield code="c">DISPLAY</subfield>
    <subfield code="d">2025-07-21</subfield>
    <subfield code="i">109136</subfield>
    <subfield code="l">0</subfield>
    <subfield code="o">QA 76.9 .A25B76 2012</subfield>
    <subfield code="p">000000024349</subfield>
    <subfield code="r">2025-07-21 09:46:00</subfield>
    <subfield code="t">2</subfield>
    <subfield code="w">2025-07-21</subfield>
    <subfield code="y">BK</subfield>
  </datafield>
</record>
